[Event "Online Olym Top DivD 2021"]
[Site "chess.com INT"]
[Date "2021.09.08"]
[Round "3.5"]
[Board "4"]
[White "Alboredo, Julia"]
[Black "Golubeva, Oksana"]
[Result "1-0"]
[WhiteTitle "WFM"]
[BlackTitle "WFM"]
[WhiteElo "2183"]
[BlackElo "2179"]
[WhiteTeam "Brazil"]
[BlackTeam "Canada"]
[WhiteFideId "2124807"]
[BlackFideId "4170164"]
[EventDate "2021.09.08"]
[EventType "team"]

1. d4 Nf6 2. c4 e6 3. Nf3 Bb4+ 4. Bd2 Be7 5. Nc3 d5 6. cxd5 exd5 7. Bg5 b6 8. e3
O-O 9. Ne5 Bb7 10. Bd3 c5 11. O-O Nc6 12. Bb5 Rc8 13. Bxc6 Bxc6 14. dxc5 bxc5
15. Bxf6 Bxf6 16. Nxc6 Rxc6 17. Qxd5 Qb6 18. Ne4 Be7 19. b3 Rd8 20. Qc4 Qc7 21.
Rad1 Re8 22. Nc3 Rh6 23. g3 Qc8 24. Qd5 Qh3 25. Qg2 Qf5 26. Nd5 Bf8 27. Rfe1 Qc2
28. Nc7 Re5 29. f4 Qxg2+ 30. Kxg2 Re7 31. Nd5 Rb7 32. e4 c4 33. Rb1 Ra6 34. bxc4
Rxa2+ 35. Kf3 Rd7 36. Rb8 h5 37. c5 Rc2 38. Rc8 Rxc5 39. Ne7+ Rxe7 40. Rxc5 Rxe4
41. Rxe4 Bxc5 42. Re8+ Kh7 43. Re5 Bg1 44. Kg2 Bb6 45. Rxh5+ Kg6 46. Rb5 f5 47.
Kf3 Bd4 48. h3 Kf6 49. g4 fxg4+ 50. hxg4 Kg6 51. Ke4 Bf2 52. Rb2 Bc5 53. Rc2 Bg1
54. Rc6+ Kh7 55. f5 Bh2 56. g5 Bg3 57. Rc3 Bf2 58. g6+ Kh6 59. Kf4 Kh5 60. Rc8 1-0

[Event "Online Olym Top DivD 2021"]
[Site "chess.com INT"]
[Date "2021.09.08"]
[Round "3.5"]
[Board "6"]
[White "De Freitas, Isabella Ribeiro Conti"]
[Black "Demchenko, Svitlana"]
[Result "1-0"]
[BlackTitle "WIM"]
[WhiteElo "1909"]
[BlackElo "2285"]
[WhiteTeam "Brazil"]
[BlackTeam "Canada"]
[WhiteFideId "2173328"]
[BlackFideId "14149893"]
[EventDate "2021.09.08"]
[EventType "team"]

1. c4 Nf6 2. Nc3 e5 3. g3 d5 4. cxd5 Nxd5 5. Bg2 Nb6 6. Nf3 Nc6 7. O-O Be7 8. d3
Be6 9. Be3 f6 10. Rc1 Qd7 11. Nd2 Bh3 12. Nb3 h5 13. Ne4 h4 14. Nbc5 Qc8 15. f4
hxg3 16. hxg3 Nd5 17. Qd2 Nd4 18. Bxd4 exd4 19. Nf2 Bxg2 20. Kxg2 Ne3+ 21. Kg1
Nxf1 22. Kxf1 c6 23. Nb3 Qd7 24. Rc4 O-O-O 25. Rxd4 Qc7 26. Rc4 Rd5 27. Nd4 Qd7
28. Nf3 Rdh5 29. b4 b5 30. Rc2 g5 31. Qc1 Kb7 32. Qe3 gxf4 33. Qxf4 Bd6 34. Qd4
Qc7 35. Ne4 Rh1+ 36. Kg2 Be5 37. Nc5+ Kc8 38. Qg4+ Kb8 39. Na6+ Kb7 40. Nxc7
Bxc7 41. Qg7 R1h3 42. Kf2 R8h7 43. Qxf6 R7h6 44. Qe7 Rxg3 45. Qxc7+ Kxc7 46.
Kxg3 Kb6 47. a3 a5 48. Ne5 Re6 49. Kf4 a4 50. Kf5 Rh6 51. Nd7+ Kc7 52. Nc5 Rh1
53. Ke5 Ra1 54. Rc3 Re1 55. e4 Rh1 56. Ne6+ Kd7 57. Nd4 Rh5+ 58. Nf5 Rh3 59. Kd4
Rf3 60. Kc5 Kc7 61. Nd4 Rh3 62. Ne6+ Kd7 63. Nd4 Kc7 64. e5 Rh5 65. Nf3 Rf5 66.
d4 Rf8 67. d5 Rf4 68. d6+ Kd7 69. Kb6 c5 70. bxc5 b4 71. c6+ Ke6 72. axb4 Rxb4+
73. Ka5 Rb1 74. c7 Kd5 75. c8=Q 1-0

[Event "Online Olym Top DivD 2021"]
[Site "chess.com INT"]
[Date "2021.09.09"]
[Round "4.1"]
[Board "2"]
[White "Diamant, Andre"]
[Black "Gallego Alcaraz, Andres Felipe"]
[Result "1/2-1/2"]
[WhiteTitle "GM"]
[BlackTitle "GM"]
[WhiteElo "2542"]
[BlackElo "2512"]
[WhiteTeam "Brazil"]
[BlackTeam "Colombia"]
[WhiteFideId "2108356"]
[BlackFideId "4402669"]
[EventDate "2021.09.08"]
[EventType "team"]

1. c4 Nf6 2. Nc3 d5 3. cxd5 Nxd5 4. Nf3 g6 5. d3 Bg7 6. Bd2 Nc6 7. g3 O-O 8. Bg2
Nb6 9. O-O h6 10. a3 e5 11. b4 Nd4 12. Rc1 c6 13. Ne4 Re8 14. Nc5 Qe7 15. e3
Nxf3+ 16. Qxf3 Nd7 17. Nb3 Nf6 18. h3 e4 19. dxe4 Nxe4 20. Qe2 Ng5 21. h4 Ne4
22. Nc5 Bf5 23. Nxe4 Bxe4 24. Bc3 Bxc3 25. Rxc3 Rad8 26. Bxe4 Qxe4 27. Rd1 1/2-1/2

[Event "Online Olym Top DivD 2021"]
[Site "chess.com INT"]
[Date "2021.09.09"]
[Round "4.1"]
[Board "3"]
[White "Rivera, Ingris"]
[Black "Alboredo, Julia"]
[Result "1-0"]
[WhiteTitle "WIM"]
[BlackTitle "WFM"]
[WhiteElo "2249"]
[BlackElo "2183"]
[WhiteTeam "Colombia"]
[BlackTeam "Brazil"]
[WhiteFideId "4402472"]
[BlackFideId "2124807"]
[EventDate "2021.09.08"]
[EventType "team"]

1. d4 Nf6 2. c4 g6 3. Nc3 d5 4. cxd5 Nxd5 5. e4 Nxc3 6. bxc3 Bg7 7. Bg5 c5 8.
Rc1 O-O 9. Nf3 Bg4 10. d5 Nd7 11. Be2 c4 12. h3 Bxf3 13. gxf3 b5 14. h4 Nc5 15.
h5 Qd6 16. Qd2 f5 17. hxg6 hxg6 18. Bh6 fxe4 19. Bxg7 Kxg7 20. Qh6+ Kf7 21. Rh4
Ke8 22. fxe4 Qf6 23. f3 Kd7 24. Rg4 Nd3+ 25. Bxd3 cxd3 26. Qxg6 Qxg6 27. Rxg6
Rxf3 28. Kd2 Rh8 29. Rcg1 Rh2+ 30. R1g2 Rf2+ 31. Rxf2 Rxf2+ 32. Kxd3 Rxa2 33.
Kd4 Ra4+ 34. Ke5 a5 35. Ra6 Ra1 36. Ra7+ Kd8 37. Ke6 Re1 38. e5 a4 39. Rd7+ Kc8
40. Rxe7 Kb8 41. d6 a3 42. d7 Rd1 43. Re8+ Kc7 44. Rc8+ Kb7 45. d8=Q Rxd8 46.
Rxd8 a2 47. Rd1 1-0

[Event "Online Olym Top DivD 2021"]
[Site "chess.com INT"]
[Date "2021.09.09"]
[Round "4.1"]
[Board "4"]
[White "Librelato, Kathie Goulart"]
[Black "Castrillon Gomez, Melissa"]
[Result "0-1"]
[WhiteTitle "WIM"]
[BlackTitle "WIM"]
[WhiteElo "2165"]
[BlackElo "2212"]
[WhiteTeam "Brazil"]
[BlackTeam "Colombia"]
[WhiteFideId "2153963"]
[BlackFideId "4402413"]
[EventDate "2021.09.08"]
[EventType "team"]

1. e4 c5 2. Nf3 Nc6 3. d4 cxd4 4. Nxd4 e5 5. Nb5 d6 6. c4 Be7 7. N1c3 a6 8. Na3
f5 9. exf5 Bxf5 10. Bd3 Be6 11. O-O Nf6 12. Nc2 O-O 13. b3 Qd7 14. Nd5 Bd8 15.
Bb2 Bxd5 16. cxd5 Ne7 17. Ne3 Bb6 18. Kh1 Kh8 19. Nc4 Nexd5 20. Nxb6 Nxb6 21. f4
Rae8 22. Bc2 Nbd5 23. fxe5 dxe5 24. Qe1 Qc6 25. Rc1 Nf4 26. Rf3 Qd5 27. Rd1 Qc6
28. Bb1 Qe6 29. Re3 Qg4 30. Rg3 Qh5 31. Qd2 Ng4 32. h3 Nf2+ 33. Qxf2 Qxd1+ 34.
Qg1 Qxg1+ 35. Kxg1 Ne2+ 36. Kh2 Nxg3 37. Kxg3 e4 38. Bc3 e3 39. Bd3 e2 40. Be1
Rf1 0-1

[Event "Online Olym Top DivD 2021"]
[Site "chess.com INT"]
[Date "2021.09.09"]
[Round "4.1"]
[Board "5"]
[White "Cardoso Cardoso, Jose Gabriel"]
[Black "Labussiere, Victor"]
[Result "1-0"]
[WhiteTitle "FM"]
[BlackTitle "FM"]
[WhiteElo "2428"]
[BlackElo "2291"]
[WhiteTeam "Colombia"]
[BlackTeam "Brazil"]
[WhiteFideId "4430492"]
[BlackFideId "2183129"]
[EventDate "2021.09.08"]
[EventType "team"]

1. Nf3 d5 2. e3 Nf6 3. c4 e6 4. Nc3 b6 5. cxd5 exd5 6. g3 Bb7 7. Bg2 Be7 8. O-O
O-O 9. b3 Nbd7 10. Bb2 Re8 11. Ne2 c5 12. Rc1 Rc8 13. Nh4 g6 14. d4 Ne4 15. dxc5
bxc5 16. Nf3 Bf6 17. Bxf6 Ndxf6 18. Qc2 Qb6 19. Nd2 Ba6 20. Nxe4 dxe4 21. Rfd1
Bd3 22. Qb2 c4 23. Nc3 Qe6 24. bxc4 Rxc4 25. Nxe4 Bxe4 26. Rxc4 Qxc4 27. Qxf6
Bxg2 28. Kxg2 Qxa2 29. Rd7 a5 30. h4 Qe6 31. Qxe6 Rxe6 32. Ra7 Re5 33. g4 Rb5
34. g5 Kg7 35. Kg3 Rc5 36. e4 Rc3+ 37. f3 Ra3 38. Kg4 Ra4 39. h5 gxh5+ 40. Kxh5
Ra1 41. Kg4 a4 42. e5 Kg8 43. Kf5 Rb1 44. Rxa4 Rb6 45. Rh4 Kg7 46. Rh6 Rb3 47.
f4 Rb4 48. e6 Rb5+ 49. Kg4 fxe6 50. Rxe6 Rb7 51. f5 Ra7 52. Kh5 Ra1 53. Re7+ Kg8
54. Rb7 Rg1 55. Rb8+ Kf7 56. Rb7+ Kg8 57. f6 Rh1+ 58. Kg4 Rf1 59. Rb8+ Kf7 60.
Rb7+ Kg8 61. Ra7 Rf2 62. Rg7+ Kh8 63. Kg3 Rf1 64. Re7 h6 65. Re8+ Kh7 66. Re7+
Kh8 67. Kg4 hxg5 68. Kxg5 Rg1+ 69. Kh6 Rh1+ 70. Kg6 Rg1+ 71. Kf7 Kh7 72. Re2 Rh1
73. Rg2 1-0

[Event "Online Olym Top DivD 2021"]
[Site "chess.com INT"]
[Date "2021.09.09"]
[Round "4.1"]
[Board "6"]
[White "De Freitas, Isabella Ribeiro Conti"]
[Black "Hernandez Bermudez, Manuela"]
[Result "0-1"]
[WhiteElo "1909"]
[BlackElo "1921"]
[WhiteTeam "Brazil"]
[BlackTeam "Colombia"]
[WhiteFideId "2173328"]
[BlackFideId "4483103"]
[EventDate "2021.09.08"]
[EventType "team"]

1. c4 c5 2. Nf3 Nf6 3. g3 Nc6 4. Bg2 g6 5. Nc3 Bg7 6. O-O O-O 7. d4 cxd4 8. Nxd4
d6 9. Nxc6 bxc6 10. Bxc6 Bh3 11. Bg2 Bxg2 12. Kxg2 Rc8 13. Qd3 Qa5 14. Bd2 Qa6
15. Rac1 Rfd8 16. b3 e6 17. Qb1 h5 18. Bg5 Rd7 19. e4 Rdc7 20. Rfd1 Qc6 21. Qd3
Ne8 22. Nb5 Rd7 23. f3 a6 24. Nc3 Qc5 25. Bf4 Qa5 26. Rc2 g5 27. Bd2 Qe5 28. Be3
Qf6 29. Qd2 g4 30. fxg4 hxg4 31. Bg5 Qg6 32. Qf4 Be5 33. Qxg4 Nf6 34. Qh4 Bxc3
35. Bxf6 Bxf6 36. Qf4 Be5 37. Qf3 d5 38. Rcd2 d4 39. h4 f6 40. h5 Qg5 41. h6 Rh7
42. Rd3 Rxh6 43. c5 Rxc5 0-1

[Event "Online Olym Top DivD 2021"]
[Site "chess.com INT"]
[Date "2021.09.09"]
[Round "4.2"]
[Board "1"]
[White "Van Foreest, Jorden"]
[Black "Noritsyn, Nikolay"]
[Result "1/2-1/2"]
[WhiteTitle "GM"]
[BlackTitle "IM"]
[WhiteElo "2691"]
[BlackElo "2512"]
[WhiteTeam "Netherlands"]
[BlackTeam "Canada"]
[WhiteFideId "1039784"]
[BlackFideId "2604922"]
[EventDate "2021.09.08"]
[EventType "team"]

1. e4 c5 2. Nf3 Nc6 3. Bb5 e6 4. c3 d5 5. d3 Ne7 6. O-O Ng6 7. exd5 Qxd5 8. c4
Qd7 9. d4 a6 10. Ba4 cxd4 11. Nxd4 b5 12. Nxc6 Qxc6 13. cxb5 axb5 14. Qf3 Bb7
15. Qxc6+ Bxc6 16. Bb3 Be7 17. Be3 Bf6 18. Nc3 b4 19. Ne2 Bxb2 20. Rab1 Bf6 21.
Rfc1 Be4 22. Bc2 Bd5 23. Bc5 Be7 24. Bxg6 hxg6 25. Rxb4 Bxc5 26. Rxc5 Bxa2 27.
h4 O-O 28. Nc3 Bd5 29. Nxd5 exd5 30. Rxd5 Rfd8 31. Rdb5 Ra1+ 32. Kh2 Ra2 33. Rf4
Ra6 34. Rb7 Rf6 35. Rxf6 gxf6 36. g4 Rd5 37. Kg3 f5 38. h5 fxg4 39. hxg6 fxg6
40. Kxg4 Ra5 41. f4 Rc5 42. Re7 Ra5 43. Rc7 Rb5 44. Kf3 Ra5 45. Ke4 Rb5 46. Rd7
Ra5 47. Rd5 Rxd5 48. Kxd5 Kf7 49. Ke5 Ke7 50. f5 gxf5 51. Kxf5 1/2-1/2

[Event "Online Olym Top DivD 2021"]
[Site "chess.com INT"]
[Date "2021.09.09"]
[Round "4.2"]
[Board "3"]
[White "Peng, Zhaoqin"]
[Black "Burtasova, Anna"]
[Result "0-1"]
[WhiteTitle "GM"]
[BlackTitle "WGM"]
[WhiteElo "2359"]
[BlackElo "2261"]
[WhiteTeam "Netherlands"]
[BlackTeam "Canada"]
[WhiteFideId "1004786"]
[BlackFideId "4150740"]
[EventDate "2021.09.08"]
[EventType "team"]

1. c4 c5 2. Nc3 Nc6 3. g3 g6 4. Bg2 Bg7 5. e4 e6 6. Nge2 Nge7 7. O-O O-O 8. d3
a6 9. Be3 Nd4 10. Rb1 Nec6 11. a3 a5 12. f4 d6 13. Bf2 Rb8 14. Nxd4 Nxd4 15. Kh1
Bd7 16. a4 Bc6 17. Re1 f5 18. Qd2 e5 19. fxe5 dxe5 20. exf5 Bxg2+ 21. Kxg2 Rxf5
22. Bxd4 exd4 23. Ne4 Qd7 24. Qxa5 Rh5 25. Nf2 Rf8 26. Re2 Qf5 27. Rbe1 Bh6 28.
Qc7 Be3 0-1

[Event "Online Olym Top DivD 2021"]
[Site "chess.com INT"]
[Date "2021.09.09"]
[Round "4.2"]
[Board "4"]
[White "Golubeva, Oksana"]
[Black "Keetman, Maaike"]
[Result "1-0"]
[WhiteTitle "WFM"]
[BlackTitle "WFM"]
[WhiteElo "2179"]
[BlackElo "2136"]
[WhiteTeam "Canada"]
[BlackTeam "Netherlands"]
[WhiteFideId "4170164"]
[BlackFideId "1033697"]
[EventDate "2021.09.08"]
[EventType "team"]

1. Nf3 Nf6 2. e3 e6 3. c4 d5 4. Nc3 c5 5. d4 Nc6 6. a3 dxc4 7. Bxc4 cxd4 8. exd4
Be7 9. O-O O-O 10. Bf4 a6 11. d5 exd5 12. Nxd5 Nxd5 13. Bxd5 Bg4 14. h3 Bh5 15.
b4 Bf6 16. Ra2 Qb6 17. Rd2 a5 18. Be3 Qb5 19. Bc5 Rfd8 20. a4 Bxf3 21. gxf3 1-0

[Event "Online Olym Top DivD 2021"]
[Site "chess.com INT"]
[Date "2021.09.09"]
[Round "4.2"]
[Board "6"]
[White "Demchenko, Svitlana"]
[Black "Roebers, Eline"]
[Result "0-1"]
[WhiteTitle "WIM"]
[WhiteElo "2285"]
[BlackElo "2297"]
[WhiteTeam "Canada"]
[BlackTeam "Netherlands"]
[WhiteFideId "14149893"]
[BlackFideId "1058401"]
[EventDate "2021.09.08"]
[EventType "team"]

1. e4 c5 2. Nf3 Nc6 3. d4 cxd4 4. Nxd4 Nf6 5. Nc3 e5 6. Ndb5 d6 7. a4 a6 8. Na3
Be6 9. Bc4 Rc8 10. O-O Nb4 11. Nd5 Nxe4 12. c3 Rxc4 13. Nxb4 Rc8 14. Re1 Nf6 15.
Nac2 Be7 16. Bg5 h6 17. Bxf6 Bxf6 18. Ne3 O-O 19. a5 Rc5 20. Nbd5 Bg5 21. b4 Rc6
22. Qd3 f5 23. f4 Bf6 24. Nxf5 e4 25. Nxh6+ gxh6 26. Qxe4 Bxd5 27. Qxd5+ Kh8 28.
Qh5 Bg7 29. Re6 d5 30. Rae1 Rxe6 31. Rxe6 Qd7 32. f5 d4 33. c4 d3 34. Qd1 Rxf5
35. Re4 d2 36. h3 Re5 37. Rxe5 Bxe5 38. g4 Qd4+ 39. Kg2 Qe4+ 0-1

[Event "Online Olym Top DivD 2021"]
[Site "chess.com INT"]
[Date "2021.09.09"]
[Round "4.3"]
[Board "1"]
[White "Adams, Michael"]
[Black "Xiong, Jeffery"]
[Result "1-0"]
[WhiteTitle "GM"]
[BlackTitle "GM"]
[WhiteElo "2716"]
[BlackElo "2700"]
[WhiteTeam "England"]
[BlackTeam "United States of America"]
[WhiteFideId "400041"]
[BlackFideId "2047640"]
[EventDate "2021.09.08"]
[EventType "team"]

1. e4 c5 2. Nf3 d6 3. d4 cxd4 4. Nxd4 Nf6 5. Nc3 a6 6. Bd3 e5 7. Nde2 Be6 8. O-O
Nc6 9. Be3 Be7 10. Ng3 Rc8 11. a3 Ng4 12. Bd2 Bg5 13. h3 Bxd2 14. Qxd2 Nf6 15.
Rfd1 O-O 16. Nf1 Nd4 17. Ne2 Nxe2+ 18. Qxe2 Qb6 19. c3 d5 20. Rd2 Qc6 21. exd5
Bxd5 22. Ne3 Be6 23. Bf5 Rcd8 24. Bxe6 Qxe6 25. Rad1 Rxd2 26. Qxd2 Qb3 27. Qe2
h6 28. Nf5 Re8 29. Rd2 Re6 30. Qf3 Qb6 31. Qg3 g6 32. Nxh6+ Kf8 33. Qd3 e4 34.
Qd4 Qxd4 35. Rxd4 Kg7 36. Ng4 Nxg4 37. hxg4 Kf6 38. Rd7 Rb6 39. b4 a5 40. Rc7
axb4 41. axb4 Ke6 42. Kh2 Rd6 43. Rxb7 Rc6 44. Rb8 f5 45. gxf5+ gxf5 46. b5 Rxc3
47. b6 Rb3 48. b7 Kd7 49. Rf8 1-0

[Event "Online Olym Top DivD 2021"]
[Site "chess.com INT"]
[Date "2021.09.09"]
[Round "4.3"]
[Board "2"]
[White "Robson, Ray"]
[Black "McShane, Luke J"]
[Result "1/2-1/2"]
[WhiteTitle "GM"]
[BlackTitle "GM"]
[WhiteElo "2673"]
[BlackElo "2674"]
[WhiteTeam "United States of America"]
[BlackTeam "England"]
[WhiteFideId "2023970"]
[BlackFideId "404853"]
[EventDate "2021.09.08"]
[EventType "team"]

1. e4 e5 2. Nf3 Nc6 3. Bb5 Nf6 4. O-O Nxe4 5. d4 Nd6 6. Bxc6 dxc6 7. dxe5 Nf5 8.
Qxd8+ Kxd8 9. Nc3 Bd7 10. h3 h6 11. b3 b6 12. Bb2 Kc8 13. Rad1 Ne7 14. Rfe1 c5
15. Ne2 Ng6 16. h4 Bg4 17. Nh2 Bxe2 18. Rxe2 Nxh4 19. Nf1 Ng6 20. g3 Kb7 21. Ne3
Re8 22. Nf5 Kc8 23. Kg2 Rg8 24. f4 Ne7 25. Ne3 Nc6 26. Kf3 h5 27. Red2 g6 28. g4
hxg4+ 29. Nxg4 Be7 30. Rh1 Rh8 31. Rdh2 Rxh2 32. Rxh2 Kd7 33. Ne3 Ke6 34. Rh6
Bf8 35. f5+ Kd7 36. e6+ fxe6 37. Rh7+ Re7 38. fxg6 Nd4+ 39. Ke4 Bg7 40. Ng4 Ke8
41. Ne5 Kf8 42. Bxd4 cxd4 43. Kxd4 Rd7+ 44. Ke3 Rd5 45. Nf3 Rf5 46. Rh4 Bf6 47.
Rh7 Bg7 48. Rh4 Bf6 49. Rh7 Bg7 1/2-1/2

[Event "Online Olym Top DivD 2021"]
[Site "chess.com INT"]
[Date "2021.09.09"]
[Round "4.3"]
[Board "4"]
[White "Zatonskih, Anna"]
[Black "Varney, Zoe"]
[Result "1-0"]
[WhiteTitle "IM"]
[BlackTitle "WCM"]
[WhiteElo "2423"]
[BlackElo "1917"]
[WhiteTeam "United States of America"]
[BlackTeam "England"]
[WhiteFideId "14101572"]
[BlackFideId "436135"]
[EventDate "2021.09.08"]
[EventType "team"]

1. d4 d5 2. c4 e6 3. Nf3 Nf6 4. Nc3 c6 5. e3 Nbd7 6. Bd3 Bd6 7. O-O O-O 8. e4
dxe4 9. Nxe4 Nxe4 10. Bxe4 h6 11. Bc2 Re8 12. Qd3 Nf6 13. b3 b6 14. Bb2 Bb7 15.
Rad1 Qe7 16. c5 Bc7 17. Rfe1 Rad8 18. b4 Bb8 19. a3 Rd5 20. Bb3 Rdd8 21. Ne5 Qc7
22. Bc2 Rd5 23. Bb3 Rdd8 24. Bc1 Nd7 25. Bc2 Nf6 26. Qg3 Kf8 27. Qh4 Ng8 28. Qh3
Qe7 29. Bf4 Bxe5 30. Bxe5 f6 31. Bd6 Rxd6 32. cxd6 Qxd6 33. Bb3 Bc8 34. Rd3 e5
35. dxe5 Qc7 36. Qg3 Rxe5 37. Rxe5 fxe5 38. Re3 Nf6 39. Qxe5 Qxe5 40. Rxe5 Bb7
41. Re1 Nd5 42. Bxd5 cxd5 43. f3 Kf7 44. Kf2 Kf6 45. g3 g6 46. f4 h5 47. Ke3 Kf5
48. Kd4 Kf6 49. Re8 Bc6 50. Rc8 1-0

[Event "Online Olym Top DivD 2021"]
[Site "chess.com INT"]
[Date "2021.09.09"]
[Round "4.3"]
[Board "5"]
[White "Derakhshani, Borna"]
[Black "Liang, Awonder"]
[Result "0-1"]
[WhiteTitle "FM"]
[BlackTitle "GM"]
[WhiteElo "2353"]
[BlackElo "2590"]
[WhiteTeam "England"]
[BlackTeam "United States of America"]
[WhiteFideId "12518450"]
[BlackFideId "2056437"]
[EventDate "2021.09.08"]
[EventType "team"]

1. d4 Nf6 2. Nf3 g6 3. Bf4 Bg7 4. e3 O-O 5. h3 c5 6. c3 Qb6 7. Qb3 d6 8. Nbd2
Be6 9. Bc4 d5 10. Be2 c4 11. Qxb6 axb6 12. O-O b5 13. a3 Nc6 14. Rfe1 h6 15. Bh2
Bf5 16. g4 Bc8 17. Ne5 h5 18. f3 Nd7 19. Nxd7 Bxd7 20. e4 Nxd4 21. cxd4 Bxd4+
22. Kg2 Bxb2 23. exd5 Bxa1 24. Rxa1 c3 25. Ne4 b4 26. d6 Rfe8 27. Be5 f6 28. Bd4
Bc6 29. Bc4+ Kh7 30. dxe7 Bxe4 31. fxe4 Rxe7 32. Bd5 Rc7 33. a4 c2 34. Bb2 Ra5
35. Kf2 b5 36. gxh5 bxa4 37. hxg6+ Kg7 38. h4 a3 39. Bc1 Kxg6 40. Ke2 Rb5 41.
Kd3 b3 42. Bxa3 b2 43. Rg1+ Kh7 44. Bxb2 Rxb2 45. Rc1 Kh6 46. Bc4 Kh5 47. Kc3
Rcb7 48. Bd5 Rb8 49. Rxc2 Rxc2+ 50. Kxc2 Kxh4 51. Be6 Kg3 52. Bf5 Kf4 53. Kd2
Kf3 54. Kd3 Rd8+ 55. Kc4 Kf4 56. Kc3 Ke5 57. Kc2 Rd4 58. Bh7 Rxe4 0-1

[Event "Online Olym Top DivD 2021"]
[Site "chess.com INT"]
[Date "2021.09.09"]
[Round "4.3"]
[Board "6"]
[White "Cervantes Landeiro, Thalia"]
[Black "Kalaiyalahan, Akshaya"]
[Result "1-0"]
[WhiteTitle "FM"]
[BlackTitle "FM"]
[WhiteElo "2175"]
[BlackElo "2149"]
[WhiteTeam "United States of America"]
[BlackTeam "England"]
[WhiteFideId "3520498"]
[BlackFideId "422894"]
[EventDate "2021.09.08"]
[EventType "team"]

1. d4 Nf6 2. c4 g6 3. Nc3 Bg7 4. e4 d6 5. f4 O-O 6. Nf3 c5 7. d5 e6 8. dxe6 fxe6
9. Bd3 Nc6 10. O-O Nd4 11. Bd2 a6 12. Ng5 Rb8 13. e5 dxe5 14. fxe5 Nd7 15. Rxf8+
Nxf8 16. Qf1 Qe7 17. Nge4 Bxe5 18. Bg5 Qc7 19. Nf6+ Kg7 20. Ne8+ 1-0

[Event "Online Olym Top DivD 2021"]
[Site "chess.com INT"]
[Date "2021.09.09"]
[Round "4.4"]
[Board "1"]
[White "Gokerkan, Cem Kaan"]
[Black "Duda, Jan-Krzysztof"]
[Result "0-1"]
[WhiteTitle "IM"]
[BlackTitle "GM"]
[WhiteElo "2465"]
[BlackElo "2756"]
[WhiteTeam "Turkey"]
[BlackTeam "Poland"]
[WhiteFideId "6336760"]
[BlackFideId "1170546"]
[EventDate "2021.09.08"]
[EventType "team"]

1. e4 c6 2. d4 d5 3. e5 Bf5 4. h4 h5 5. c4 e6 6. Nc3 Ne7 7. Nge2 dxc4 8. Ng3 Bg4
9. f3 Bf5 10. Bxc4 Bg6 11. Bg5 Qb6 12. O-O Nd7 13. Na4 Qa5 14. Bb3 Nf5 15. Nxf5
Bxf5 16. Rc1 Be7 17. Bxe7 Kxe7 18. Qe2 Kf8 19. Qe3 Qb4 20. Rfd1 Qe7 21. Qf2 g5
22. hxg5 Qxg5 23. Nc5 Nxc5 24. dxc5 h4 25. Rc4 Rh6 26. Qd2 Qg6 27. Bc2 Bxc2 28.
Qxc2 Qg3 29. Qe2 Rg6 30. Rdd4 Rg5 31. f4 Qg4 32. Qxg4 Rxg4 33. f5 Rxd4 34. Rxd4
exf5 35. Rd7 Re8 36. Rxb7 Rxe5 37. Rxa7 Rxc5 38. Ra4 Rc1+ 39. Kh2 Rc2 40. Rb4
Ke7 41. Kh3 Kd6 42. a4 c5 43. Rb6+ Ke5 44. a5 Kf4 45. a6 Rc1 46. Kh2 Ra1 47. b4
cxb4 48. Rxb4+ Kg5 49. Rb6 Ra3 50. Rc6 f4 51. Rb6 f5 52. Rc6 Ra2 53. Kh3 Ra1 54.
Kh2 Kg4 55. Rg6+ Kh5 56. Rf6 Kg5 57. Rc6 h3 58. gxh3 Ra2+ 59. Kg1 Kh4 60. Kf1
Kxh3 61. Rb6 Kg3 62. Rg6+ Kf3 63. Kg1 Ra1+ 64. Kh2 Ke3 65. Re6+ Kf2 66. Rf6 f3
67. Rxf5 Rxa6 68. Kh3 Ra8 69. Kg4 Kg2 0-1

[Event "Online Olym Top DivD 2021"]
[Site "chess.com INT"]
[Date "2021.09.09"]
[Round "4.4"]
[Board "2"]
[White "Wojtaszek, Radoslaw"]
[Black "Yurtseven, Melih"]
[Result "1/2-1/2"]
[WhiteTitle "GM"]
[BlackTitle "IM"]
[WhiteElo "2698"]
[BlackElo "2414"]
[WhiteTeam "Poland"]
[BlackTeam "Turkey"]
[WhiteFideId "1118358"]
[BlackFideId "6312160"]
[EventDate "2021.09.08"]
[EventType "team"]

1. c4 e6 2. Nc3 a6 3. e4 Be7 4. d4 c5 5. d5 exd5 6. cxd5 d6 7. a4 Bf6 8. h3 Ne7
9. Nf3 Ng6 10. Bd3 O-O 11. O-O Nd7 12. Be3 Qc7 13. Qd2 Re8 14. Bg5 c4 15. Bxf6
Nxf6 16. Bc2 Bd7 17. a5 Rab8 18. Ra2 Nh5 19. Ne2 h6 20. Re1 Qc5 21. Qd4 Qc7 22.
Kh2 Rbc8 23. Ra3 Qd8 24. Rea1 Rc5 25. Qd2 Qf6 26. Qc3 Qd8 27. Qd4 Qe7 28. Re3
Ne5 29. Nxe5 dxe5 30. Qd2 Qh4 31. Ng1 Rec8 32. Nf3 Qf6 33. Qc3 Re8 34. Ba4 Bb5
35. g3 Qd6 36. Qb4 Rxd5 37. Qc3 Rc5 38. Rd1 Qc6 39. Bc2 Nf6 40. Nh4 g6 41. Re2
Kg7 42. f3 Ba4 43. Ng2 Qb5 44. Ne3 Bb3 45. Rc1 Rec8 46. Kg2 R8c6 47. Ra1 Rd6 48.
Bxb3 cxb3 49. Qe1 Rd3 50. h4 h5 51. Kf2 Rc6 52. Rd1 Rcd6 53. Rxd3 Rxd3 54. Rd2
Rd4 55. Qd1 Qc5 56. Ke2 Qb4 57. Rd3 Qb5 58. Qxb3 Rxd3 59. Qxd3 Qxa5 60. Nc4 Qc5
61. Qb3 b5 62. Ne3 Qc1 63. Nd1 g5 64. Qe3 Qxe3+ 65. Nxe3 gxh4 66. Nf5+ Kh7 67.
Nxh4 Nd7 68. Nf5 Nc5 69. Ke3 b4 70. Ne7 Na4 71. Nc6 Nxb2 72. Nxb4 a5 73. Nc6 a4
74. Kd2 a3 75. Kc3 f6 76. Nb4 Nd1+ 77. Kb3 Ne3 78. Kxa3 Nf1 79. Nd5 Kg7 80. Kb3
Nxg3 81. Kc2 h4 82. Ne3 h3 83. Ng4 Nf1 84. Nf2 h2 85. Nh1 Ne3+ 86. Kd3 Ng2 87.
Ke2 Nh4 88. Kf2 Kg6 89. Kg3 Kg5 90. Nf2 f5 91. exf5 Nxf5+ 92. Kxh2 Kf4 93. Nd3+
Kxf3 94. Nxe5+ 1/2-1/2